| 000 | 00608nam a2200169 i 4500 | ||
|---|---|---|---|
| 001 | 22927 | ||
| 003 | ES-MaACL | ||
| 005 | 20230906152800.0 | ||
| 007 | t| | ||
| 008 | 021205s1917 fr ||||1| spa d | ||
| 245 | 0 | 4 |
_aLos Alpes franceses _b: Saboya-Delfinado, Macizo del Mont Blanc, Tarentaise, Maurieme, Cartuja, Vercors, Oisans. |
| 260 |
_a[París : _bFerrocarriles de París-Lion-Mediterraneo, _c1917] ( _eLyon : _fMediterráneo) |
||
| 300 |
_a22 p., [1] h. pleg. de map. : _bil. ; _c20 cm. |
||
| 650 | 4 |
_aFerrocarriles- _zFrancia. _9136103 |
|
| 852 |
_aES-MaACL _j1535-F-7 |
||
| 852 |
_aES-MaACL _j1520-F-7 |
||
| 999 |
_c22927 _d22927 |
||